| 000 | 00419nam a2200157Ia 4500 | ||
|---|---|---|---|
| 005 | 20250319105704.0 | ||
| 008 | 231217s9999 xx 000 0 und d | ||
| 020 | _a9788131406106 | ||
| 082 | _a658.40580722 GIR;1 R | ||
| 100 | _aGirija, P ed. | ||
| 245 | 0 | _aCase studies on outsourcing trends | |
| 260 |
_c2007 _bIcfai Books _aHyderabad |
||
| 300 | _av, 268 | ||
| 650 | _astudies,outsourcing,trends | ||
| 942 | _cAA | ||
| 999 |
_c184243 _d184243 |
||